00353nam a2200109Ia 4500008004100000082000800041100002400049245005400073942000600127952009500133999001500228240331s9999 xx 000 0 und d bTHI aThillainadarajah, S 0aKalyanam mudiththup par :bsirippu chiththirangal cL 001040708LaWERCLbWERCLcSSCd2024-03-31l0o 894 THIp4278r2024-03-31w2024-03-31yL c3860d3860